| 000 | 00000nam 2200000zi 4500 |
| 001 | 9.882984 |
| 003 | CaOODSP |
| 005 | 20221107170438 |
| 006 | m o d f |
| 007 | cr |n||||||||| |
| 008 | 191218e19990513onca||| ob f000 0|eng d |
| 040 | |aCaOODSP|beng|erda|cCaOODSP |
| 043 | |an-cn--- |
| 086 | 1 |aC2-229/25-1999E-PDF |
| 245 | 00|aBroadband terrestrial wireless technology for school connectivity / |cprepared by Xwave Solutions. |
| 264 | 1|a[Ottawa] : |bIndustry Canada, Information Highway Applications Branch, |c13 May 1999. |
| 300 | |a1 online resource (vii, 43 pages) : |bcolour illustrations |
| 336 | |atext|btxt|2rdacontent |
| 337 | |acomputer|bc|2rdamedia |
| 338 | |aonline resource|bcr|2rdacarrier |
| 500 | |aDigitized edition from print [produced by Innovation, Science and Economic Development Canada]. |
| 504 | |aIncludes bibliographical references. |
| 650 | 0|aSchoolNet (Computer network) |
| 650 | 0|aBroadband communication systems|zCanada. |
| 650 | 0|aEducation|zCanada. |
| 650 | 6|aSystèmes de télécommunications à large bande|zCanada. |
| 650 | 6|aÉducation|zCanada. |
| 710 | 1 |aCanada. |bIndustry Canada, |eissuing body. |
| 710 | 2 |aXwave Solutions. |
| 856 | 40|qPDF|s3.59 MB|uhttps://publications.gc.ca/collections/collection_2021/isde-ised/c2/C2-229-25-1999-eng.pdf |